Temas actuales sobre psicopedagogía y didáctica
Saved in:
| Main Authors: | , |
|---|---|
| Format: | Bog |
| Sprog: | spansk |
| Udgivet: |
Madrid
Narcea
1988
|
| Serier: | Congreso de Educación, 3
|
| Fag: | |
| Tags: |
Tilføj Tag
Ingen Tags, Vær først til at tagge denne postø!
|
MARC
| LEADER | 00000nam a2200000 a 4500 | ||
|---|---|---|---|
| 001 | UCW5286 | ||
| 003 | CL-VaPUC | ||
| 005 | 20220315074404.0 | ||
| 008 | 910321e19880000SP |||||||||||||||||spa|d | ||
| 999 | |c 218761 |d 218759 | ||
| 040 | |c Pontificia Universidad Católica de Valparaíso | ||
| 082 | 0 | 4 | |a 370.15 |b HUA |2 21 |
| 100 | 0 | |a Huarte, Fernando |e author |9 310200 | |
| 245 | 1 | 0 | |a Temas actuales sobre psicopedagogía y didáctica |
| 260 | |a Madrid |b Narcea |c 1988 | ||
| 300 | |a 271 p | ||
| 490 | 0 | |a Congreso de Educación, 3 | |
| 583 | |a last modification |c 19910321 00:00:00 |k Rodrigo Vera | ||
| 650 | 0 | |a Psicopedagogía |2 CL-VaPUC |9 307268 | |
| 650 | 0 | |a Psicología del aprendizaje |9 306854 | |
| 650 | 0 | |a Congresos |9 257560 | |
| 700 | 0 | |a Asensio, Mikel |e author |9 310201 | |
| 852 | |a BIBCUR | ||
| 942 | |c BK |2 ddc | ||
| 945 | |d 19910321 00:00:00 | ||
| 952 | |0 0 |1 0 |4 0 |6 370_150000000000000_HUA_1988 |7 0 |8 A |9 208839 |a BIBEDU |b BIBEDU |d 2019-11-15 |i 2766396 |o 370.15 HUA 1988 |p 2766396 |r 2019-11-15 |w 2019-11-15 |y BK |k EDU | ||